[Event "Belgrade Beopromet"]
[Site "Belgrade"]
[Date "1993.??.??"]
[Round "2"]
[White "Damjanovic, Vladimir"]
[Black "Arsovic, Aleksandar"]
[Result "1-0"]
[WhiteElo "2320"]
[BlackElo "2255"]
[PlyCount "83"]
[EventDate "1993.03.??"]
[EventType "tourn"]
[EventRounds "11"]
[EventCountry "YUG"]
[EventCategory "7"]
[SourceTitle "CBM 035 Extra"]
[Source "ChessBase"]
[SourceDate "1993.09.01"]
[SourceVersion "1"]
[SourceVersionDate "1993.09.01"]
[SourceQuality "1"]

1. e4 e5 2. Nf3 Nc6 3. Bb5 a6 4. Ba4 Nf6 5. 0-0 Be7 6. Re1 b5 7. Bb3 d6 8. c3 0-0 9. a4 Bg4 10. h3 Bh5 11. d3 Na5 12. Bc2 c5 13. Nbd2 Qc7 14. Nf1 c4 15. Ng3 Bg6 16. d4 Nd7 17. h4 h6 18. Nf5 Rfe8 19. Nxe7+ Rxe7 20. axb5 axb5 21. dxe5 dxe5 22. Qd5 Rb8 23. Be3 Nc6 24. Ra6 Re6 25. Qd1 Rd6 26. Qa1 Nf6 27. Bc5 Rdd8 28. Qa2 Bh5 29. b3 Bxf3 30. gxf3 b4 31. Qa4 Rdc8 32. Rd1 Ne8 33. Bxb4 Nxb4 34. Ra7 Qc5 35. cxb4 Rxb4 36. Qd7 cxb3 37. Qxf7+ Kh8 38. Bb1 Rd4 39. Rxd4 Qxd4 40. Qf8+ Kh7 41. Qf5+ Kh8 42. Qxc8 1-0

[Event "Belgrade Beopromet"]
[Site "Belgrade"]
[Date "1993.??.??"]
[Round "6"]
[White "Vaulin, Alexander"]
[Black "Arsovic, Aleksandar"]
[Result "1-0"]
[WhiteElo "2515"]
[BlackElo "2255"]
[PlyCount "106"]
[EventDate "1993.03.??"]
[EventType "tourn"]
[EventRounds "11"]
[EventCountry "YUG"]
[EventCategory "7"]
[SourceTitle "CBM 035 Extra"]
[Source "ChessBase"]
[SourceDate "1993.09.01"]
[SourceVersion "1"]
[SourceVersionDate "1993.09.01"]
[SourceQuality "1"]

1. c4 e6 2. g3 f5 3. Bg2 Nf6 4. Nf3 d5 5. b3 Bd6 6. Ba3 Bxa3 7. Nxa3 Qe7 8. Qc1 0-0 9. 0-0 c6 10. Qb2 Nbd7 11. d4 b6 12. Rfd1 Bb7 13. Rac1 Rac8 14. b4 h6 15. Nb1 Rfe8 16. Nbd2 e5 17. dxe5 Nxe5 18. Nxe5 Qxe5 19. Qxe5 Rxe5 20. cxd5 cxd5 21. Rxc8+ Bxc8 22. e3 Re7 23. Rc1 Be6 24. Nf3 g6 25. Nd4 Bf7 26. Rc8+ Re8 27. Rc7 Ra8 28. a4 Ne4 29. h4 h5 30. Bf3 a6 31. Kg2 b5 32. a5 Rd8 33. Rc6 Ra8 34. Rb6 Kg7 35. Nb3 Rc8 36. Bxe4 dxe4 37. Nc5 Rd8 38. Rxa6 Rd1 39. Ra7 Kg8 40. Ra8+ Kg7 41. Ra7 Kg8 42. g4 fxg4 43. Rd7 Ra1 44. a6 Be8 45. Re7 Kf8 46. Rc7 Bf7 47. Nd7+ Kg8 48. a7 g5 49. hxg5 h4 50. Rc8+ Kg7 51. a8Q h3+ 52. Kg3 Rg1+ 53. Kf4 h2 1-0